Responses for show #4559 - Thursday, June 3, 2004

Ken Jennings game 2.

Contestants

[<< previous game]

Carrie Youngblood, an administrative assistant from Montpelier, Vermont

Chad Kaihe, a construction inspector from Nanakuli, Hawaii

Ken Jennings, a software engineer from Salt Lake City, Utah (whose 1-day cash winnings total $37,201)

[next game >>]

Jeopardy! Round responses

EDUCATION
THE FIRST WIVES CLUB
NOT A STATE CAPITAL
GOING TO THE DOGS
A GREEN THUMB
A VULGAR DISPLAY OF "POWER"
    $200 8
homework

Chad
    $200 6
Natalie Wood

Ken
    $200 9
Anchorage

Chad
    $200 21
the Dalmatian

Triple Stumper
    $200 26
a scythe

Carrie
    $200 1
Powerball

Ken
    $400 17
the New Math

Ken
    $400 7
John Lennon

Carrie
    $400 10
Chicago

Chad
    $400 22
a basset hound

Ken
    $400 27
oleander

Ken
    $400 2
the power play

Ken
    $600 18
the Jesuits

Chad
    $600 14
Ivana Trump

Ken
    $600 11
Albuquerque

Ken
    $600 23
a chow

Chad
    $600 28
soil

Ken
    $600 3
the Power Rangers

Ken
    $800 19
(Carrie: What's a high school?)

a kindergarten

Carrie
Triple Stumper
    $800 15
Lilith

Ken
    $800 12
Birmingham

Ken
    $2,000 24
(Chad: What is a Great Dane?)

the Irish wolfhounds

Chad
    $800 29
Miracle-Gro

Ken
    $800 4
(Ken: What are the Power Macs?)

Powerbooks

Ken
Triple Stumper
    $1000 20
the ROTC

Ken
    $1000 16
John Kerry

Ken
    $1000 13
Portland

Ken
    $1000 25
an akita

Carrie
    $1000 30
the Royal Horticultural Society

Chad
    $1000 5
the Central Powers

Ken

Scores at the first commercial break (after clue 16):

Ken Chad Carrie
$6,400 $800 $400

Scores at the end of the Jeopardy! Round:

Ken Chad Carrie
$10,000 $1,000 $800

Double Jeopardy! Round responses

POETS & POETRY
COMPLETES THE FILM TITLE
PEOP"L"
THE OLD WEST
COMMUNICATIONS
CAR TALK?
    $400 2
Money

Chad
    $400 7
My Valley

Ken
    $400 12
Charles Lindbergh

Chad
    $400 22
(Alex: That'll teach him.)

Roy Bean

Chad
    $400 28
(Carrie: What's a driver's license?)
(Ken: What is ham radio, maybe?)

a radio (broadcast) license

KenChadCarrie
    $400 1
a muffler

Ken
    $800 3
far behind

Ken
    $800 8
Is an Alien

Chad
    $800 16
Luce

Ken
    $800 24
the Oregon Trail

Chad
    $800 30
a pitch

Ken
    $800 18
to tire

Chad
    $1200 4
Dylan Thomas

Ken
    $1200 9
Deeply

Ken
    $1200 17
(John L.) Lewis

Carrie
    $1200 25
Virgil

Chad
    $1200 29
(Chad: What is Morse code?)
(Ken: What is [*], yo!)

rap

KenChad
    $1200 20
Gear

Ken
    $2,600 5
Xanadu

Ken
    $1600 10
Dr. Lao

Ken
    $4,600 14
(Chad: Who is... Lieber?)

Henry Cabot Lodge, Jr.

Chad
    $1600 23
Bat Masterson

Ken
    $1600 27
forest

Ken
    $1600 21
(Alex: What is [*] in an artichoke?)

the choke

Triple Stumper
    $2000 6
Rita Dove

Ken
    $2000 11
(Alex: Cattle Annie and [*]. Ken?)
(Ken: Sounds like a good one.)

Little Britches

Triple Stumper
    $2000 13
(Shannon) Lucid

Chad
    $2000 15
Lew Wallace

Ken
    $2000 26
the uplink

Triple Stumper
    $2000 19
struts

Ken

Scores at the end of the Double Jeopardy! Round:

Ken Chad Carrie
$31,000 $2,400 $1,600
(lock game)

[wagering suggestions for these scores]

Final Jeopardy! Round responses

WORD ORIGINS
CarrieWhat is spinster?
$1,598
ChadWhat is spinster
$800
KenWhat is ?
$9,000
spinster

Final scores:

Ken Chad Carrie
$22,000 $3,200 $3,198
2-day champion: $59,201 2nd place: $2,000 3rd place: $1,000

Game dynamics:

Coryat scores:

Ken Chad Carrie
$30,000 $9,000 $1,600
33 R
(including 1 DD),
2 W
15 R,
3 W
(including 2 DDs)
4 R,
2 W

Combined Coryat: $40,600

The J! Archive is created by fans, for fans. The Jeopardy! game show and all elements thereof, including but not limited to copyright and trademark thereto, are the property of Jeopardy Productions, Inc. and are protected under law. This website is not affiliated with, sponsored by, or operated by Jeopardy Productions, Inc. Join the discussion at JBoard.tv.